00706nam a2200181 a 4500003000200000005001700002008004100019050003000060100003000090245014000120300004800260504004100308650002800349650003600377650002500413650005200438650003400490020250415140738.0970101s19uu xx 00 eng d aPGS BF 723.F8b.F316 2004 aFelix, Victor Immanuel F. aIdeal characteristics of a best friend as perceived by grade 6 students of Southville International School /cVictor Immanuel F. Felix. a42 pages :bcolored illustrations ;c28 cm. aIncludes bibliographical references. aFriendship in children. aPeer relationships in children. aChildrenvAttitudes. aInterpersonal relationsvGrade school students. aValuesvChildrenvPerception.